000 00361pab a2200157 454500
008 180718b2013 xxu||||| |||| 00| 0 eng d
100 _aDayal, John
245 _aPoll 2014 - Manifesto from the margins
260 _c2013
300 _ap.253-261.
362 _aJul-Sep
650 _aElections
773 _aSocial Action
908 _aN
909 _a101355
999 _c101353
_d101353